WWE Royal Rumble - Qui a éliminé The Miz ? - Statistiques

Statistiques générales
  • Ce quiz a été pris 227 fois
    24 depuis la dernière actualisation
  • Le résultat moyen est 9 sur 17
Statistiques - réponses
Rumble Éliminé par % Correct
2018 Seth Rollins et Roman Reigns
91%
2016 Roman Reigns
86%
2025 Roman Reigns
86%
2026 Roman Reigns
86%
2017 The Undertaker
73%
2009 Triple H
68%
2012 The Big Show
59%
2023 Sheamus
55%
2020 Drew McIntyre
41%
2010 Montel Vontavious Porter
41%
2007 The Great Khali
41%
2021 Damian Priest
36%
2024 Gunther
36%
2013 Ryback
36%
2015 Bubba Ray Dudley
23%
2014 Luke Harper
23%
2008 Hornswoggle
18%
Aucun quiz correspondant
Distribution des résultats
% des personnes avec chaque résultat
Percentile par nombre de réponses
Votre historique - résultats
Vous n’avez pas pris ce quiz depuis la dernière actualisation